History Quiz

Random History or Numbers Quiz

USN Aircraft Carriers Quiz Stats

 Plays Quiz Updated Feb 5, 2020

Support Sporcle.
Go Orange.
Score 0/12 Timer 04:00
4 Plays Today
Hull Number Carrier % Correct
CVN 76USS Ronald Reagan
79.5%
CVN 79USS John F. Kennedy
79.3%
CVN 78USS Gerald R. Ford
78.6%
CVN 77USS George H.W. Bush
72.1%
CVN 73USS George Washington
65.5%
CVN 72USS Abraham Lincoln
65.4%
CVN 71USS Theodore Roosevelt
64.1%
CVN 69USS Dwight D. Eisenhower
63.2%
CVN 68USS Nimitz
58.7%
CVN 75USS Harry S. Truman
53.1%
CVN 70USS Carl Vinson
29.2%
CVN 74USS John C. Stennis
29%

From the Vault

I Never Won the Stanley Cup

by nscox

Sports 6m
Never is a pretty harsh word, albeit entirely applicable.
Remove Ads.
Support Sporcle.
Get the best of Sporcle when you Go Orange. This ad-free experience offers more features, more stats, and more fun while also helping to support Sporcle. Thank you for becoming a member.

Show Comments

Extras

Top Quizzes Today


Score Distribution

Your Account Isn't Verified!

In order to create a playlist on Sporcle, you need to verify the email address you used during registration. Go to your Sporcle Settings to finish the process.

Report this User

Report this user for behavior that violates our Community Guidelines.

Details: